Car- Jacked (Record no. 63962)
[ view plain ]
| 000 -LEADER | |
|---|---|
| fixed length control field | 00643nam a2200157 a 4500 |
| 008 - FIXED-LENGTH DATA ELEMENTS--GENERAL INFORMATION | |
| fixed length control field | 201118s2015 ||||||||||||||||| || u |
| 020 ## - INTERNATIONAL STANDARD BOOK NUMBER | |
| International Standard Book Number | 9780192772008 |
| 050 ## - LIBRARY OF CONGRESS CALL NUMBER | |
| Classification number | PZ 7.S73712 |
| 100 ## - MAIN ENTRY--PERSONAL NAME | |
| Personal name | Sparkes, Ali |
| 245 10 - TITLE STATEMENT | |
| Title | Car- Jacked |
| Statement of responsibility, etc. | By Ali Sparkes |
| 260 ## - PUBLICATION, DISTRIBUTION, ETC. | |
| Place of publication, distribution, etc. | Oxford |
| Name of publisher, distributor, etc. | Oxford University Press |
| Date of publication, distribution, etc. | 2015 |
| 300 ## - PHYSICAL DESCRIPTION | |
| Extent | 304 pages |
| 650 ## - SUBJECT ADDED ENTRY--TOPICAL TERM | |
| Topical term or geographic name entry element | ENGLISH LANGUAGE |
| 995 ## - | |
| -- | FICTION Collection |
| -- | 905218 |
| -- | CBU-SCHOOL OF MEDICINE LIBRARY (Ndola) |
| -- | PZ 7.S73712 |
| -- | 1 |
| -- | AVAILABLE |
| -- | Nov 30, 2020 |
| -- | 905218 |
| -- | Fiction Collection |
| 995 ## - | |
| -- | FICTION Collection |
| -- | 750513 |
| -- | CBU-MAIN LIBRARY (Kitwe) |
| -- | PZ 7.S73712 |
| -- | 2 |
| -- | AVAILABLE |
| -- | Dec 10, 2020 |
| -- | 750513 |
| -- | Fiction Collection |
| 999 ## - | |
| -- | 63962 |
| -- | 63962 |
| Withdrawn status | Lost status | Source of classification or shelving scheme | Damaged status | Not for loan | Permanent Location | Current Location | Shelving location | Date acquired | Total Checkouts | Full call number | Barcode | Date last seen | Date last checked out | Copy number | Price effective from | Koha item type |
|---|---|---|---|---|---|---|---|---|---|---|---|---|---|---|---|---|
| CBU-MAIN LIBRARY, KITWE. | CBU-MAIN LIBRARY, KITWE. | 02/01/2023 | PZ 7.S73712 | 750513 | 02/01/2023 | 2 | 02/01/2023 | FICTON COLLECTON | ||||||||
| CBU-SCHOOL OF MEDICINE LIBRARY, NDOLA. | CBU-SCHOOL OF MEDICINE LIBRARY, NDOLA. | 02/01/2023 | 1 | PZ 7.S73712 | 905218 | 04/29/2025 | 04/25/2025 | 1 | 02/01/2023 | FICTON COLLECTON |